000 00680nam a22002177a 4500
003 OSt
005 20260130013911.0
008 260130b |||||||| |||| 00| 0 eng d
020 _a978-971-513-214-5.
040 _aDWC-Man Lib.
_cOC
082 _21st ed.
_aCirc. 615 Un61c 2006
100 _aUntalan, Aaron "CY" Tuesca
245 _aCY Untalan's applied pharmacology in nursing/
_cAaron "CY" Tuesca Untalan
260 _aManila :
_bEducational Publishing House,
_cc2006.
300 _axxi, 263 p. ;
_c23 cm.
504 _aIncludes references.
650 _a1. Nursing.
650 _a2. Pharmacology.
760 _b1st ed.
942 _2ddc
_cBK-CIRC
_e1st ed.
_hCirc.
_n0
999 _c8012
_d8012